000 00381nam a22001697a 4500
999 _c8204
_d8204
003 GBCCL
005 20241126110645.0
008 190715b ||||| |||| 00| 0 eng d
040 _cGBC
082 _a248.86
_bJOB
100 _aJob, P P
_97764
245 _aWhy God why ?
250 _a2nd ed.
260 _aHaryana :
_bSabrina,
_c2003.
300 _a199p. ;
942 _2ddc
_cBK
_01